Моделирование синхронного двигателя с электромагнитной редукцией скорости в ANSYS Maxwell; Современные техника и технологии; Т. 2
| Parent link: | Современные техника и технологии: сборник трудов XXI международной научной конференции студентов, аспирантов и молодых ученых, Томск, 5-9 октября 2015 г./ Национальный исследовательский Томский политехнический университет (ТПУ).— , 2015 Т. 2.— 2015.— [С. 33-35] |
|---|---|
| Päätekijä: | |
| Yhteisötekijä: | |
| Muut tekijät: | , , |
| Yhteenveto: | Заглавие с титульного экрана |
| Kieli: | venäjä |
| Julkaistu: |
2015
|
| Sarja: | Автоматическое управление и системная инженерия |
| Aiheet: | |
| Linkit: | http://earchive.tpu.ru/handle/11683/22029 http://www.lib.tpu.ru/fulltext/c/2015/C01/V2/009.pdf |
| Aineistotyyppi: | Elektroninen Kirjan osa |
| KOHA link: | https://koha.lib.tpu.ru/cgi-bin/koha/opac-detail.pl?biblionumber=615210 |
MARC
| LEADER | 00000naa2a2200000 4500 | ||
|---|---|---|---|
| 001 | 615210 | ||
| 005 | 20231101132840.0 | ||
| 035 | |a (RuTPU)RU\TPU\conf\13409 | ||
| 035 | |a RU\TPU\conf\13408 | ||
| 090 | |a 615210 | ||
| 100 | |a 20151030d2015 k y0rusy50 ca | ||
| 101 | 0 | |a rus | |
| 102 | |a RU | ||
| 105 | |a y z 101zy | ||
| 135 | |a drcn ---uucaa | ||
| 181 | 0 | |a i | |
| 182 | 0 | |a b | |
| 200 | 1 | |a Моделирование синхронного двигателя с электромагнитной редукцией скорости в ANSYS Maxwell |d Simulation technology of synchronous motor with electromagnetic reduction of speed in ANSYS Maxwell |f И. А. Кремлёв, В. А. Гилев, М. В. Зеленин |g науч. рук. С. В. Леонов | |
| 203 | |a Текст |c электронный | ||
| 225 | 1 | |a Автоматическое управление и системная инженерия | |
| 230 | |a 1 компьютерный файл (pdf; 452 Kb) | ||
| 300 | |a Заглавие с титульного экрана | ||
| 320 | |a [Библиогр.: с. 35 (4 назв.)] | ||
| 337 | |a Adobe Reader | ||
| 461 | 1 | |0 (RuTPU)RU\TPU\conf\13102 |t Современные техника и технологии |o сборник трудов XXI международной научной конференции студентов, аспирантов и молодых ученых, Томск, 5-9 октября 2015 г. |o в 2 т. |f Национальный исследовательский Томский политехнический университет (ТПУ) |d 2015 | |
| 463 | 0 | |0 (RuTPU)RU\TPU\conf\13105 |t Т. 2 |f под ред. А. М. Малышенко [и др.] |v [С. 33-35] |d 2015 | |
| 510 | 1 | |a Simulation technology of synchronous motor with electromagnetic reduction of speed in ANSYS Maxwell |z eng | |
| 610 | 1 | |a труды учёных ТПУ | |
| 610 | 1 | |a электронный ресурс | |
| 610 | 1 | |a моделирование | |
| 610 | 1 | |a синхронные двигатели | |
| 610 | 1 | |a электромагнитная редукция | |
| 610 | 1 | |a ANSYS Maxwell | |
| 700 | 1 | |a Кремлёв |b И. А. | |
| 701 | 1 | |a Гилев |b В. А. | |
| 701 | 1 | |a Зеленин |b М. В. | |
| 702 | 1 | |a Леонов |b С. В. |c специалист в области информатики и вычислительной техники |c доцент Томского политехнического университета, кандидат технических наук |f 1976- |g Сергей Владимирович |2 stltpush |4 727 | |
| 712 | 0 | 2 | |a Национальный исследовательский Томский политехнический университет (ТПУ) |b Институт кибернетики (ИК) |b Кафедра интегрированных компьютерных систем управления (ИКСУ) |h 131 |2 stltpush |3 (RuTPU)RU\TPU\col\18701 |
| 801 | 2 | |a RU |b 63413507 |c 20210120 |g RCR | |
| 856 | 4 | |u http://earchive.tpu.ru/handle/11683/22029 | |
| 856 | 4 | |u http://www.lib.tpu.ru/fulltext/c/2015/C01/V2/009.pdf | |
| 942 | |c BK | ||